Les Miss France de 1920 à nos jours - Statistiques

Statistiques générales
  • Ce quiz a été pris 50 fois
  • Le résultat moyen est 19 sur 97
Statistiques - réponses
Année Région Miss France % Correct
2002 Lyon Sylvie Tellier
71%
2016 Pas-de-Calais Iris Mittenaere
67%
2015 Pas-de-Calais Camille Cerf
62%
2021 Normandie Amandine Petit
57%
2001 PIcardie Elodie Gossuin
57%
2018 Pas-de-Calais Maëva Coucke
52%
2013 Bourgogne Marine Lorphelin
52%
2019 Tahiti Vaimalama Chaves
52%
2012 Alsace Delphine Wespiser
48%
2010 Normandie Malika Ménard
48%
2000 Bourgogne Sonia Rolland
48%
2006 Languedoc Alexandra Rosenfeld
43%
2022 Ile-de-France Diane Leyre
43%
2011 Bretagne Laury Thilleman
43%
2008 Réunion Valérie Bègue
43%
2024 Pas-de-Calais Eve Gilles
38%
2014 Orléans Flora Coquerel
38%
1987 Alsace Nathalie Marquay
38%
2007 Picardie Rachel Legrain-Trapani
38%
2009 Midi-Pyrénées Chloé Mortaud
33%
2023 Guadeloupe Indira Ampiot
33%
1992 Pays de la Loire Linda Hardy
33%
2017 Guyane Alicia Aylies
29%
2005 Normandie Cindy Fabre
29%
2020 Guadeloupe Clémence Botino
29%
2025 Martinique Angélique Angarni-Filopon
24%
2003 Guadeloupe Corinne Coman
24%
2026 Tahiti Hinaupoko Devèze
24%
1999 Tahiti Mareva Galanter
24%
2004 Alsace Laetiticia Bléger
14%
1991 Tahiti Mareva Georges
14%
1921 Corse Pauline Pô
14%
1994 Pays de la Loire Valérie Claisse
14%
1920 Aquitaine Agnès Souret
10%
1938 Pyrénées-Orientales Annie Garrigues
10%
1964 Bourgogne Arlette Collot
10%
1960 Côte d'Emeraude Brigitte Barazer de Lannurien
10%
1972 Paris Chantal Bouvier de Lamotte
10%
1968 Saint-Etienne Christiane Lillio
10%
1965 Lyon Christiane Sibellin
10%
1974 Tahiti Edna Tepava
10%
1990 Aquitaine Gaëlle Voiry
10%
1929 Gascogne Germaine Laborde
10%
1939 Ile-de-France Ginette Catriens
10%
1956 Maroc Gisèle Charbit
10%
1935 Paris Gisèle Préville
10%
1954 Côte d'Azur Irène Tunc
10%
1981 Normandie Isabelle Bernard
10%
1973 Lorraine Isabelle Krumacker
10%
1983 Paris Isabelle Turpault
10%
1933 Paris Jacqueline Bertin-Lequien
10%
1948 Paris Jacqueline Donny
10%
1937 Bretagne Jacqueline Janet
10%
1926 Normandie Jacqueline Shallay
10%
1967 Normandie Jeanne Beck
10%
1931 Garonne Jeanne Juilla
10%
1940 Alsace Joséphine Ladwig
10%
1952 Côte d'Argent Josiane Pouy
10%
1949 Paris Juliette Figueras
10%
1996 Savoie Laure Belleville
10%
1961 Outre-Mer Luce Auger
10%
1932 Côte d'Azur Lyne de Souza
10%
1936 Picardie Lyne Lassalle
10%
1984 Normandie Martine Robine
10%
1950 Paris Maryse Delort
10%
1995 Aquitaine Mélodie Vilbert
10%
1966 Cannes Michèle Boule
10%
1970 Paris Michelle Beaurain
10%
1959 Poitou Monique Chiron
10%
1962 Côte d'Emeraude Monique Lemaire
10%
1958 Normandie Monique Negler
10%
1976 Réunion Monique Uldaric
10%
1963 Ile-de-France Muguette Fabris
10%
1971 Languedoc-Roussillon Myriam Stocco
10%
1951 Saint-Tropez Nicole Drouin
10%
1978 Nouvelle-Calédonie Pascale Taurua
10%
1997 Paris Patricia Spehar
10%
1989 Aquitaine Peggy Zlotkowski
10%
1928 Bretagne Raymonde Allain
10%
1927 Jura Roberte Cusey
10%
1982 Côte d'Azur Sabrina Belleval
10%
1934 Paris Simone Barillier
10%
1998 Lorrainne Sophie Talmann
10%
1975 Lorraine Sophin Perin
10%
1969 Alsace Suzanne Angly
10%
1985 Alsace Suzanne Iskandar
10%
1953 Picardie Sylviane Carpentier
10%
1988 Bresse et Bugey Sylvie Bertin
10%
1979 Marseille Sylvie Paréra
10%
1957 Saint-Etienne Sylvie-Rosie Numez
10%
1980 Tahiti Thilda Fuller
10%
1986 Paris Valérie Pascale
10%
1993 Guadeloupe Véronique de la Cruz
10%
1977 Poitou Véronique Fagot
10%
1955 Paris Véronique Zuber
10%
1930 Lyon Yvette Labrousse
10%
1947 Côte d'Azur Yvonne Viseux
10%
Aucun quiz correspondant
Distribution des résultats
% des personnes avec chaque résultat
Percentile par nombre de réponses
Votre historique - résultats
Vous n’avez pas pris ce quiz